[Event "4NCL/Div4b/BCA vs. HKF2"]
[Site "Telford ENG"]
[Date "2005.02.26"]
[Round "5.4"]
[White "Chipanga, Takaedza"]
[Black "Hilton, Steve"]
[Result "1-0"]
[WhiteElo "2189"]
[BlackElo "1850"]
[PlyCount "87"]
[EventDate "2005.02.26"]
[SourceDate "2004.09.21"]

1. e4 c5 2. Nf3 d6 3. d4 cxd4 4. Nxd4 Nf6 5. Nc3 a6 6. Be3 Ng4 7. Bg5 h6 8. Bh4
g5 9. Bg3 Bg7 10. Bc4 Nc6 11. Nxc6 bxc6 12. Qf3 Rf8 13. Bb3 Qa5 14. O-O Bd7 15.
h3 Ne5 16. Qe3 c5 17. Nd5 e6 18. Nc3 Qc7 19. Rfd1 Bc6 20. Qe2 Qd7 21. a4 f5 22.
exf5 Rxf5 23. Ne4 Bxe4 24. Qxe4 Rd8 25. Rd2 d5 26. Bxd5 exd5 27. Rxd5 Qxd5 28.
Qxf5 Nf7 29. Qg6 Kf8 30. Qxa6 Bxb2 31. Rb1 Ra8 32. Qb5 Bc3 33. Bc7 Bd4 34. c4
Qf5 35. Rf1 Qe4 36. a5 Qe6 37. Qb7 Qc8 38. a6 Ne5 39. Rb1 Nd7 40. Bd6+ Kg8 41.
Qxc8+ Rxc8 42. a7 Ra8 43. Rb7 Nf8 44. Bxf8 1-0

[Event "4NCL/Div4b/BCA vs. HKF2"]
[Site "Telford ENG"]
[Date "2005.02.26"]
[Round "5.5"]
[White "Hodgkins, David W"]
[Black "Giles, Benjamin"]
[Result "0-1"]
[WhiteElo "1775"]
[BlackElo "2074"]
[PlyCount "66"]
[EventDate "2005.02.26"]
[SourceDate "2004.09.21"]

1. e4 d5 2. exd5 Nf6 3. d4 Nxd5 4. Nf3 g6 5. Bc4 Nb6 6. Bb3 Bg7 7. O-O O-O 8.
c3 Nc6 9. Bf4 Bg4 10. Nbd2 e5 11. Bg5 Qxg5 12. Nxg5 Bxd1 13. Raxd1 exd4 14.
cxd4 Nxd4 15. Bxf7+ Rxf7 16. Nxf7 Kxf7 17. b3 Re8 18. Rfe1 Nd5 19. Ne4 Rxe4 20.
Rxe4 Nc3 21. Rdxd4 Bxd4 22. Rf4+ Ke7 23. Kf1 c5 24. a4 h5 25. h3 a5 26. Ke1 b5
27. axb5 Nxb5 28. Kd2 Nd6 29. Kd3 g5 30. Rf3 Nf7 31. Ke4 Ke6 32. Rf5 Nd6+ 33.
Kf3 Kxf5 0-1

[Event "4NCL/Div4b/BCA vs. HKF2"]
[Site "Telford ENG"]
[Date "2005.02.26"]
[Round "5.6"]
[White "James, Stephen B"]
[Black "Williams, Robin"]
[Result "1-0"]
[WhiteElo "2075"]
[BlackElo "1650"]
[PlyCount "83"]
[EventDate "2005.02.26"]
[SourceDate "2004.09.21"]

1. e4 c5 2. Nf3 d6 3. d4 cxd4 4. Nxd4 Nf6 5. Nc3 a6 6. Be3 e5 7. Nb3 Be6 8. f3
Nbd7 9. Qd2 b5 10. O-O-O Be7 11. g4 Nb6 12. Qf2 Nfd7 13. Kb1 b4 14. Nd5 Bxd5
15. exd5 a5 16. Bb5 O-O 17. h4 a4 18. Nc1 Qc7 19. g5 Rfd8 20. h5 Nc4 21. Bxc4
Qxc4 22. Qd2 Rac8 23. g6 a3 24. b3 Qc3 25. Qxc3 bxc3 26. gxh7+ Kxh7 27. Ne2 Re8
28. Bc1 f5 29. Bxa3 e4 30. fxe4 fxe4 31. Bb4 Bf6 32. Bxd6 Be7 33. Bxe7 Rxe7 34.
Rh3 Nf6 35. Nxc3 e3 36. Ne2 Ne4 37. Rd3 Rce8 38. Rd4 Nf2 39. Rf3 Re5 40. d6
Rxh5 41. d7 Rh1+ 42. Kb2 1-0

[Event "4NCL/Div4b/PONTY vs. BRJ"]
[Site "Telford ENG"]
[Date "2005.02.26"]
[Round "5.1"]
[White "Taylor, Robert G"]
[Black "Headlong, Timothy"]
[Result "0-1"]
[WhiteElo "2047"]
[BlackElo "2213"]
[PlyCount "80"]
[EventDate "2005.02.26"]
[SourceDate "2004.09.21"]

1. d4 d5 2. c4 e6 3. Nc3 c5 4. e3 Nf6 5. Nf3 Nc6 6. a3 a6 7. dxc5 Bxc5 8. b4
Ba7 9. Bb2 O-O 10. Bd3 Qe7 11. cxd5 exd5 12. Nxd5 Nxd5 13. Bxh7+ Kxh7 14. Qxd5
Bg4 15. Ng5+ Kg8 16. h4 Rad8 17. Qb3 Bf5 18. O-O Rd3 19. Qc4 Bg6 20. h5 Qxg5
21. hxg6 Qxg6 22. b5 axb5 23. Qxb5 Bb8 24. Qxb7 Qh5 25. f4 Na5 26. Qe4 Qd5 27.
Qxd5 Rxd5 28. e4 Ba7+ 29. Kh2 Rh5+ 30. Kg3 Rb8 31. Bc3 Rhb5 32. Be5 Rb3+ 33.
Kg4 Rc8 34. Rf3 Rxf3 35. gxf3 Nc4 36. a4 f6 37. Bxf6 gxf6 38. Kf5 Kf7 39. e5
Ne3+ 40. Ke4 f5+ 0-1

[Event "4NCL/Div4b/PONTY vs. BRJ"]
[Site "Telford ENG"]
[Date "2005.02.26"]
[Round "5.2"]
[White "Richmond, Peter A"]
[Black "James, Dai"]
[Result "1-0"]
[WhiteElo "2257"]
[BlackElo "2003"]
[PlyCount "91"]
[EventDate "2005.02.26"]
[SourceDate "2004.09.21"]

1. e4 e6 2. d4 d5 3. Nc3 dxe4 4. Nxe4 Nd7 5. g3 Ngf6 6. Bg2 Nxe4 7. Bxe4 Nf6 8.
Bg2 Be7 9. Nf3 O-O 10. O-O c6 11. Qd3 Qb6 12. b3 Bd7 13. Bb2 Rad8 14. c4 Bc8
15. Rad1 a5 16. Rfe1 Qc7 17. Qe2 b6 18. Ne5 Bb7 19. Qf3 Rc8 20. Bh3 Rcd8 21.
Bg2 Rc8 22. Rd3 Ba8 23. Qf4 Nd7 24. Nxd7 Qxd7 25. Red1 Bf6 26. Ba3 Be7 27. Qc1
Rfd8 28. Bxe7 Qxe7 29. c5 b5 30. Qd2 Qc7 31. a3 Bb7 32. f4 Re8 33. Qe1 Rcd8 34.
Qe5 Re7 35. Kf2 Red7 36. Qe3 Ba6 37. R3d2 Kf8 38. Qe4 Bb7 39. Qxh7 g6 40. Qh8+
Ke7 41. Qh4+ Kf8 42. Qf6 Kg8 43. h4 b4 44. axb4 axb4 45. h5 gxh5 46. Rh1 1-0

[Event "4NCL/Div4b/PONTY vs. BRJ"]
[Site "Telford ENG"]
[Date "2005.02.26"]
[Round "5.3"]
[White "Robinson, David"]
[Black "Bourne, Johnathan"]
[Result "1/2-1/2"]
[WhiteElo "2036"]
[BlackElo "2100"]
[PlyCount "51"]
[EventDate "2005.02.26"]
[SourceDate "2004.09.21"]

1. e4 Nf6 2. Nc3 e5 3. Nf3 Nc6 4. Bc4 Nxe4 5. Nxe4 d5 6. Bb5 dxe4 7. Nxe5 Qd5
8. Bxc6+ bxc6 9. d4 exd3 10. O-O Bd6 11. Nxd3 O-O 12. Be3 Bf5 13. Qd2 Rfd8 14.
Rfd1 a5 15. Qe2 Qe6 16. h3 Re8 17. Qh5 Rab8 18. Bd4 Rb5 19. Re1 Qd7 20. Rxe8+
Qxe8 21. Re1 Qd8 22. Qf3 Rd5 23. Bc3 Bxd3 24. cxd3 h6 25. Kh1 Bb4 26. d4
1/2-1/2

[Event "4NCL/Div4b/PONTY vs. BRJ"]
[Site "Telford ENG"]
[Date "2005.02.26"]
[Round "5.4"]
[White "Richmond, Jane"]
[Black "Davies, Peter L"]
[Result "1/2-1/2"]
[WhiteElo "2162"]
[BlackElo "2003"]
[PlyCount "54"]
[EventDate "2005.02.26"]
[SourceDate "2004.09.21"]

1. e4 c5 2. Nf3 e6 3. d4 cxd4 4. Nxd4 Nc6 5. Nc3 Nf6 6. Be3 Bb4 7. Bd3 d5 8.
exd5 Nxd5 9. O-O O-O 10. Nxd5 exd5 11. Qf3 Bd6 12. Nxc6 bxc6 13. c4 dxc4 14.
Bxc4 Qh4 15. Rfc1 Bxh2+ 16. Kf1 Bg4 17. g3 Qh3+ 18. Qg2 Qh5 19. Qxc6 Bf3 20.
Qc7 Rfe8 21. Rc3 Rad8 22. Bxf7+ Qxf7 23. Qxf7+ Kxf7 24. Bg5 Be2+ 25. Kg2 Rd5
26. Rc7+ Kg6 27. Be3 Bxg3 1/2-1/2

[Event "4NCL/Div4b/PONTY vs. BRJ"]
[Site "Telford ENG"]
[Date "2005.02.26"]
[Round "5.5"]
[White "Lobo, Richard"]
[Black "Hall, Daniel J"]
[Result "0-1"]
[WhiteElo "1914"]
[BlackElo "2053"]
[PlyCount "134"]
[EventDate "2005.02.26"]
[SourceDate "2004.09.21"]

1. e4 d5 2. exd5 Nf6 3. Nf3 Qxd5 4. d4 Bg4 5. Be2 Nc6 6. O-O O-O-O 7. c3 e5 8.
c4 Qd7 9. d5 Bxf3 10. Bxf3 Nd4 11. Nc3 Qf5 12. Be2 Nxe2+ 13. Qxe2 Qh5 14. Qc2
Bc5 15. a3 Rhe8 16. b4 Bd4 17. Bb2 a6 18. Rad1 Rd6 19. h3 Rdd8 20. a4 Qg6 21.
Qb3 Nh5 22. Bc1 Ng3 23. Rfe1 Nf5 24. Ne4 Nh4 25. Bg5 Nxg2 26. Kxg2 h6 27. Qg3
hxg5 28. Qxg5 Qxg5+ 29. Nxg5 Bc3 30. Nxf7 Bxe1 31. Nxd8 Bxb4 32. Ne6 Re7 33.
Rd3 Kd7 34. Rg3 Kd6 35. Nxg7 Kc5 36. Rg4 e4 37. Ne6+ Kxc4 38. Rxe4+ Kxd5 39.
Rxb4 Rxe6 40. Rxb7 Kc6 41. Rb4 Kd5 42. Rg4 c5 43. h4 c4 44. Rg8 c3 45. Rd8+ Rd6
46. Rc8 Rc6 47. Rd8+ Kc4 48. Rd1 c2 49. Rc1 Kd3 50. h5 Kd2 51. Rh1 c1=Q 52.
Rxc1 Rxc1 53. Kf3 Rg1 54. Kf4 Ke2 55. Kf5 Kxf2 56. h6 Ke3 57. h7 Rh1 58. Kg6
Kd4 59. Kg7 Kc4 60. h8=Q Rxh8 61. Kxh8 Kb4 62. Kg7 Kxa4 63. Kf6 Kb3 64. Ke5 a5
65. Kd4 a4 66. Kd3 a3 67. Kd2 a2 0-1

[Event "4NCL/Div4b/PONTY vs. BRJ"]
[Site "Telford ENG"]
[Date "2005.02.26"]
[Round "5.6"]
[White "Hall, Joshua D"]
[Black "Thomas, Roy"]
[Result "1-0"]
[WhiteElo "1980"]
[BlackElo "1732"]
[PlyCount "71"]
[EventDate "2005.02.26"]
[SourceDate "2004.09.21"]

1. e4 c5 2. Nf3 d6 3. d4 cxd4 4. Nxd4 Nf6 5. Nc3 a6 6. a4 e6 7. Be2 Be7 8. Be3
Nbd7 9. f4 Qc7 10. Qd2 O-O 11. g4 Nc5 12. Bf3 Rb8 13. g5 Ne8 14. h4 Qa5 15. Rb1
Qb4 16. b3 Bd8 17. h5 Ba5 18. Nde2 Bd7 19. Bd4 Bc6 20. Qe3 Nc7 21. Kf2 e5 22.
fxe5 N5e6 23. Rbd1 dxe5 24. Bxe5 Rbd8 25. Bxc7 Bxc7 26. Kg2 Bb6 27. Qc1 Nd4 28.
Nxd4 Bxd4 29. Nd5 Qc5 30. Qd2 Be5 31. Qe2 Rd7 32. b4 Qa7 33. Qc4 Rfd8 34. Ne7+
Kf8 35. Nxc6 Qe3 36. Nxd8 1-0

[Event "4NCL/Div4b/FCA2 vs. ADD"]
[Site "Telford ENG"]
[Date "2005.02.26"]
[Round "5.1"]
[White "Williamson, Kevin J"]
[Black "Briscoe, Christopher"]
[Result "1/2-1/2"]
[WhiteElo "2043"]
[BlackElo "2169"]
[PlyCount "24"]
[EventDate "2005.02.26"]
[SourceDate "2004.09.21"]

1. d4 Nf6 2. Nc3 c5 3. Bg5 cxd4 4. Qxd4 Nc6 5. Qh4 b5 6. Nf3 b4 7. Ne4 d5 8.
Nxf6+ gxf6 9. Bd2 Qb6 10. e3 Bf5 11. Nd4 Nxd4 12. Qxd4 Qxd4 1/2-1/2

[Event "4NCL/Div4b/FCA2 vs. ADD"]
[Site "Telford ENG"]
[Date "2005.02.26"]
[Round "5.2"]
[White "Seymour, Timothy P"]
[Black "Majer, Chris E"]
[Result "1-0"]
[WhiteElo "2053"]
[BlackElo "2036"]
[PlyCount "80"]
[EventDate "2005.02.26"]
[SourceDate "2004.09.21"]

1. e4 d5 2. exd5 Qxd5 3. Nf3 Bg4 4. Be2 e6 5. h3 Bh5 6. d4 c6 7. O-O Nf6 8. c4
Qa5 9. Nc3 Be7 10. Be3 O-O 11. a3 Nbd7 12. b4 Qc7 13. Qb3 Rad8 14. Rac1 Qb8 15.
Rfd1 Rfe8 16. a4 e5 17. d5 cxd5 18. Nxd5 Nxd5 19. Rxd5 Nf6 20. Rdd1 e4 21. Nd4
Bxe2 22. Nxe2 Bd6 23. c5 Be5 24. b5 h6 25. c6 b6 26. Bd4 Qc7 27. Bxe5 Rxd1+ 28.
Qxd1 Qxe5 29. Qd4 Qxd4 30. Nxd4 Nd5 31. Nf5 Nc7 32. Rd1 g6 33. Rd7 Ne6 34. Nd6
Ra8 35. c7 Nxc7 36. Rxc7 f5 37. Rc8+ Rxc8 38. Nxc8 f4 39. Nxa7 e3 40. fxe3 fxe3
1-0

[Event "4NCL/Div4b/FCA2 vs. ADD"]
[Site "Telford ENG"]
[Date "2005.02.26"]
[Round "5.3"]
[White "Adebajo, Femi"]
[Black "Dupré, Paul D"]
[Result "1-0"]
[WhiteElo "2045"]
[BlackElo "2057"]
[PlyCount "47"]
[EventDate "2005.02.26"]
[SourceDate "2004.09.21"]

1. d4 Nf6 2. Bg5 Ne4 3. Bf4 d5 4. f3 Nf6 5. e4 dxe4 6. Nc3 exf3 7. Nxf3 c6 8.
Bc4 Nd5 9. O-O e6 10. Ne5 Nxf4 11. Rxf4 Qg5 12. Qf3 f6 13. Ne4 Qh6 14. Ng4 Qg6
15. Ngxf6+ gxf6 16. Rxf6 Qg7 17. c3 Be7 18. Qh5+ Kd8 19. Rf7 Qg6 20. Qf3 Nd7
21. Rf1 e5 22. d5 Nb6 23. d6 Nxc4 24. dxe7+ 1-0

[Event "4NCL/Div4b/FCA2 vs. ADD"]
[Site "Telford ENG"]
[Date "2005.02.26"]
[Round "5.4"]
[White "Klein, Cornelia"]
[Black "Shaw, John S"]
[Result "1-0"]
[WhiteElo "1945"]
[BlackElo "1950"]
[PlyCount "73"]
[EventDate "2005.02.26"]
[SourceDate "2004.09.21"]

1. e4 c5 2. c3 d5 3. exd5 Qxd5 4. d4 Nf6 5. Nf3 e6 6. Be2 Be7 7. Na3 cxd4 8.
Nb5 Qd8 9. Qxd4 O-O 10. Bf4 Qxd4 11. Nfxd4 Na6 12. Nc7 Nxc7 13. Bxc7 Ne8 14.
Bg3 Bd6 15. f4 a6 16. O-O Bd7 17. Bf3 Rb8 18. Rad1 Bc6 19. Nxc6 bxc6 20. Bxc6
Bc5+ 21. Bf2 Bxf2+ 22. Rxf2 Nf6 23. Rfd2 g6 24. g3 Ng4 25. b3 Rfc8 26. Bf3 Ne3
27. Rc1 h5 28. c4 a5 29. Rc3 Nf5 30. c5 Rb5 31. c6 Ne7 32. a4 Rb6 33. c7 Kg7
34. Rd7 Kf6 35. Rd8 Rb4 36. Be2 Rb6 37. Bb5 1-0

[Event "4NCL/Div4b/FCA2 vs. ADD"]
[Site "Telford ENG"]
[Date "2005.02.26"]
[Round "5.5"]
[White "Matthews, Adrian"]
[Black "Goggin, Eamonn P"]
[Result "1-0"]
[WhiteElo "1980"]
[BlackElo "1870"]
[PlyCount "49"]
[EventDate "2005.02.26"]
[SourceDate "2004.09.21"]

1. e4 c5 2. Nc3 Nc6 3. g3 g6 4. Bg2 Bg7 5. d3 e6 6. Be3 b6 7. Qd2 Nge7 8. Bh6
O-O 9. h4 f5 10. h5 Rf7 11. hxg6 hxg6 12. Nf3 Kf8 13. Ng5 Bxh6 14. Rxh6 Rg7 15.
O-O-O Ng8 16. Rh8 Bb7 17. Rdh1 Ne5 18. Nb5 Qb8 19. f4 a6 20. Na3 Nf7 21. Nxf7
Rxf7 22. e5 b5 23. Bxb7 Qxb7 24. Qh2 Rd8 25. Rxg8+ 1-0

[Event "4NCL/Div4b/FCA2 vs. ADD"]
[Site "Telford ENG"]
[Date "2005.02.26"]
[Round "5.6"]
[White "Rhodes, Peter"]
[Black "Robbins, Chuck"]
[Result "1-0"]
[WhiteElo "1815"]
[BlackElo "1800"]
[PlyCount "77"]
[EventDate "2005.02.26"]
[SourceDate "2004.09.21"]

1. Nf3 d5 2. g3 Nf6 3. Bg2 e6 4. d3 Be7 5. Nbd2 c5 6. O-O Nc6 7. c3 O-O 8. e4
b5 9. e5 Nd7 10. d4 Qb6 11. Nb3 f6 12. exf6 Nxf6 13. dxc5 Bxc5 14. Nxc5 Qxc5
15. Be3 Qe7 16. b4 Bd7 17. Bc5 Qe8 18. Bxf8 Qxf8 19. Re1 Ne4 20. Rxe4 dxe4 21.
Qxd7 exf3 22. Qxe6+ Kh8 23. Qxc6 fxg2 24. Re1 Rb8 25. Re5 Qf7 26. Qe6 Qf8 27.
Kxg2 h6 28. a3 Rc8 29. Rf5 Qd8 30. Qd5 Qe8 31. Qe5 Qc6+ 32. Qd5 Qxc3 33. Qxb5
Qxa3 34. Qb7 Qc3 35. Rf7 Rd8 36. b5 Qe5 37. Re7 Qd4 38. Qe4 Qd5 39. Re8+ 1-0

[Event "4NCL/Div4b/MONM vs. SCS2"]
[Site "Telford ENG"]
[Date "2005.02.26"]
[Round "5.1"]
[White "Thomas, Joseff"]
[Black "Bland, David"]
[Result "1/2-1/2"]
[WhiteElo "2040"]
[BlackElo "2006"]
[PlyCount "37"]
[EventDate "2005.02.26"]
[SourceDate "2004.09.21"]

1. e4 c5 2. d4 e6 3. Nf3 cxd4 4. c3 dxc3 5. Nxc3 Nc6 6. Bc4 a6 7. O-O b5 8. Bb3
Bc5 9. Qe2 Nge7 10. Bg5 O-O 11. Rfd1 Qb6 12. Rac1 Ng6 13. h4 f6 14. Bd2 Nge5
15. Bf4 Nxf3+ 16. Qxf3 Nd4 17. Qg3 Nxb3 18. axb3 Rf7 19. Rd3 1/2-1/2

[Event "4NCL/Div4b/MONM vs. SCS2"]
[Site "Telford ENG"]
[Date "2005.02.26"]
[Round "5.2"]
[White "Jimenez, Miguel"]
[Black "Beveridge, Nigel K"]
[Result "1/2-1/2"]
[WhiteElo "1955"]
[BlackElo "2014"]
[PlyCount "92"]
[EventDate "2005.02.26"]
[SourceDate "2004.09.21"]

1. e4 c5 2. Nf3 e6 3. d4 cxd4 4. Nxd4 a6 5. Nc3 Qc7 6. Bd3 Nc6 7. Nf3 Nf6 8.
O-O d6 9. Ne2 b5 10. b3 Bb7 11. Bb2 Be7 12. Rc1 O-O 13. c4 b4 14. Ng3 Qa5 15.
Bb1 Rad8 16. Qc2 Ne5 17. Nxe5 dxe5 18. Rcd1 h5 19. Qe2 g6 20. Bc1 Rd4 21. Be3
Rxd1 22. Rxd1 Qc7 23. f3 a5 24. h3 Ra8 25. Nf1 h4 26. Bf2 Nh5 27. Qe3 Nf4 28.
Qb6 Ne2+ 29. Kh2 Qxb6 30. Bxb6 Bc6 31. Bd3 Nc3 32. Rd2 a4 33. Ne3 Ra6 34. c5
Ra8 35. Nd1 Bg5 36. Nxc3 Bxd2 37. Nxa4 Be3 38. Bc4 Kf8 39. Nb2 Rxa2 40. Nd3 Ra1
41. g4 hxg3+ 42. Kxg3 Bf4+ 43. Nxf4 exf4+ 44. Kxf4 Ke7 45. h4 Ra3 46. Kg5 Be8
1/2-1/2

[Event "4NCL/Div4b/MONM vs. SCS2"]
[Site "Telford ENG"]
[Date "2005.02.26"]
[Round "5.3"]
[White "Waterfield, John"]
[Black "Sandham, David"]
[Result "1-0"]
[WhiteElo "2045"]
[BlackElo "1925"]
[PlyCount "62"]
[EventDate "2005.02.26"]
[SourceDate "2004.09.21"]

1. e4 c5 2. d4 cxd4 3. c3 Nf6 4. e5 Nd5 5. Bc4 Nb6 6. Bb3 d5 7. cxd4 Bf5 8. Nc3
Nc6 9. Be3 e6 10. g4 Bg6 11. Nge2 Na5 12. O-O Nxb3 13. axb3 Qh4 14. Nf4 h5 15.
Nxg6 fxg6 16. Nb5 hxg4 17. Bf4 Kd7 18. Rxa7 Rxa7 19. Nxa7 Be7 20. Qd3 Ke8 21.
Rc1 Kf7 22. Rc7 Ra8 23. Rxb7 Nc8 24. Nb5 Ra1+ 25. Kg2 Kg8 26. Rb8 g3 27. fxg3
Qh5 28. Rxc8+ Kf7 29. Bc1 Ra5 30. Nd6+ Bxd6 31. exd6 Qg4 1-0

[Event "4NCL/Div4b/MONM vs. SCS2"]
[Site "Telford ENG"]
[Date "2005.02.26"]
[Round "5.4"]
[White "Jones, Humphrey"]
[Black "Thomas, Jac"]
[Result "1-0"]
[WhiteElo "1915"]
[BlackElo "1975"]
[PlyCount "75"]
[EventDate "2005.02.26"]
[SourceDate "2004.09.21"]

1. e4 d6 2. d4 Nf6 3. Nc3 g6 4. f4 Bg7 5. Nf3 O-O 6. Be2 Nbd7 7. O-O c5 8. d5
a6 9. a4 Qc7 10. Nd2 Ne8 11. Nf3 e6 12. dxe6 fxe6 13. Ng5 Ndf6 14. Qd3 h6 15.
Nf3 e5 16. Nh4 Kh7 17. Qg3 Qf7 18. fxe5 dxe5 19. Qxe5 Qd7 20. Qxc5 Nxe4 21. Qc4
Bd4+ 22. Kh1 Nf2+ 23. Kg1 Qd6 24. Nf3 Rxf3 25. Bxf3 Ng4+ 26. Rf2 Bxf2+ 27. Kf1
Ne3+ 28. Bxe3 Bxe3 29. Qf7+ Ng7 30. Ne4 Qd8 31. Nf6+ Kh8 32. Rd1 Qxd1+ 33. Bxd1
Bf5 34. g4 Be6 35. Qxg6 Bg8 36. h4 Rd8 37. Be2 Ne8 38. Qxg8# 1-0

[Event "4NCL/Div4b/MONM vs. SCS2"]
[Site "Telford ENG"]
[Date "2005.02.26"]
[Round "5.5"]
[White "Thomas, Kevin"]
[Black "Haydon, David"]
[Result "1/2-1/2"]
[WhiteElo "1960"]
[BlackElo "1855"]
[PlyCount "92"]
[EventDate "2005.02.26"]
[SourceDate "2004.09.21"]

1. e4 e6 2. d4 d5 3. Be3 dxe4 4. Nd2 Nf6 5. f3 Nd5 6. Qe2 Nc6 7. c3 exf3 8.
Ngxf3 Nxe3 9. Qxe3 Be7 10. Bd3 O-O 11. O-O e5 12. dxe5 g6 13. Rad1 Bc5 14. Qxc5
Qxd3 15. Ng5 Bg4 16. Ndf3 Qf5 17. h4 Bxf3 18. Nxf3 Rae8 19. Qb5 Nxe5 20. Qxb7
Nxf3+ 21. Qxf3 Qb5 22. b3 Qb6+ 23. Qf2 Re2 24. Qxb6 cxb6 25. Rf2 Rfe8 26. Kf1
R2e3 27. Rc2 R3e4 28. g3 f5 29. Rd7 R8e7 30. Rxe7 Rxe7 31. c4 Kf7 32. b4 Ke8
33. Re2 Rxe2 34. Kxe2 Ke7 35. Ke3 Ke6 36. Kf4 h6 37. c5 bxc5 38. bxc5 Kf6 39.
c6 g5+ 40. Ke3 Ke6 41. Kd4 Kd6 42. hxg5 hxg5 43. c7 Kxc7 44. Ke5 f4 45. gxf4
gxf4 46. Kxf4 Kc6 1/2-1/2

[Event "4NCL/Div4b/MONM vs. SCS2"]
[Site "Telford ENG"]
[Date "2005.02.26"]
[Round "5.6"]
[White "Sutton, Louise"]
[Black "Dodington, Russell"]
[Result "0-1"]
[WhiteElo "1450"]
[BlackElo "1699"]
[PlyCount "64"]
[EventDate "2005.02.26"]
[SourceDate "2004.09.21"]

1. d4 Nf6 2. Nf3 e6 3. e3 b6 4. c4 Bb7 5. Nc3 Bb4 6. Bd2 O-O 7. Bd3 d6 8. O-O
Nbd7 9. a3 Bxc3 10. Bxc3 Re8 11. Re1 Ne4 12. Bxe4 Bxe4 13. d5 Nf6 14. dxe6 fxe6
15. b3 Qe7 16. Ra2 Rf8 17. Rd2 Bxf3 18. Qxf3 Nd5 19. Qe4 Nxc3 20. Qd3 Qf6 21.
Rc1 Na4 22. bxa4 Qf5 23. Qe2 Qc5 24. Ra2 Rf6 25. Rc3 Raf8 26. f3 Rh6 27. Qf2
Qe5 28. Rcc2 Qxh2+ 29. Kf1 Rg6 30. Qg1 Rxf3+ 31. Rf2 Rxf2+ 32. Qxf2 Rf6 0-1

[Event "4NCL/Div4b/HAL vs. MONM"]
[Site "Telford ENG"]
[Date "2005.02.27"]
[Round "6.1"]
[White "Ambrose, Andy"]
[Black "Thomas, Joseff"]
[Result "0-1"]
[WhiteElo "1930"]
[BlackElo "2040"]
[PlyCount "100"]
[EventDate "2005.02.27"]
[SourceDate "2004.09.21"]

1. e4 e5 2. Nf3 Nc6 3. Bb5 Nd4 4. Nxd4 exd4 5. c3 Qg5 6. Bf1 Bc5 7. d3 Qf6 8.
Qf3 Qxf3 9. gxf3 Ne7 10. Bf4 d6 11. Rg1 O-O 12. Be2 Bd7 13. Nd2 f5 14. Bg5 Rae8
15. Nb3 dxc3 16. bxc3 Bb6 17. d4 Bc6 18. Nd2 Kh8 19. a4 a6 20. a5 Ba7 21. d5
Bd7 22. Be3 Bxe3 23. fxe3 fxe4 24. fxe4 Nxd5 25. exd5 Rxe3 26. Rg3 Re5 27. Rf3
Rfe8 28. Rf2 Bg4 29. Nf3 Bxf3 30. Rxf3 Rxe2+ 31. Kf1 Rxh2 32. Kg1 Rd2 33. Rb1
Rxd5 34. Rxb7 Rg5+ 35. Kf2 Rc5 36. Ra7 Rc6 37. Rb7 Kg8 38. Kg3 Rc5 39. Ra7 Rc6
40. Rb7 h6 41. Rb3 Rc5 42. Rb7 Rc8 43. Re3 Rxa5 44. Rb3 Rc5 45. Rb1 a5 46. Kf2
a4 47. Rg1 Rf8+ 48. Ke2 Re5 49. Ra1 Rfe8 50. Rxe5 Rxe5+ 0-1

[Event "4NCL/Div4b/HAL vs. MONM"]
[Site "Telford ENG"]
[Date "2005.02.27"]
[Round "6.2"]
[White "Beveridge, Nigel K"]
[Black "Peck, Windsor W"]
[Result "1-0"]
[WhiteElo "2014"]
[BlackElo "1925"]
[PlyCount "147"]
[EventDate "2005.02.27"]
[SourceDate "2004.09.21"]

1. d4 d5 2. c4 c6 3. Nc3 e6 4. e3 Nf6 5. Nf3 Nbd7 6. Qc2 Be7 7. Bd3 O-O 8. O-O
Re8 9. Ne5 c5 10. b3 Nf8 11. Bb2 cxd4 12. exd4 Bd7 13. c5 Qc7 14. b4 Rec8 15.
Qe2 Be8 16. a4 Ng6 17. Nxg6 hxg6 18. g3 b6 19. a5 bxc5 20. bxc5 Nh7 21. f4 Nf8
22. Nb5 Bxb5 23. Bxb5 Rcb8 24. Bd3 Qc6 25. Qc2 a6 26. Rfb1 Nd7 27. Qa4 Qxa4 28.
Rxa4 Nxc5 29. dxc5 Bxc5+ 30. Bd4 Rxb1+ 31. Bxb1 Bxd4+ 32. Rxd4 Kf8 33. Bd3 Ke7
34. Rb4 Ra7 35. Rb6 Kd7 36. Kf2 Kc7 37. Ke3 Kd7 38. Kd4 Kc7 39. Kc5 Kd7 40.
Bxa6 Rc7+ 41. Kd4 Rc2 42. Bd3 Rxh2 43. Rb7+ Kd6 44. Rxf7 Ra2 45. a6 Ra4+ 46.
Ke3 e5 47. fxe5+ Kxe5 48. Re7+ Kf6 49. Rd7 Ke5 50. a7 g5 51. Rxg7 g4 52. Rxg4
Rxa7 53. Rg5+ Kd6 54. Rg8 Ke5 55. Re8+ Kd6 56. g4 Ra1 57. Rf8 Rg1 58. Rg8 Ke5
59. g5 Rg3+ 60. Kd2 Rg2+ 61. Kc3 Rg3 62. Re8+ Kd6 63. g6 Kd7 64. Re5 Kd6 65.
Rh5 Kc5 66. Rh7 d4+ 67. Kd2 Rg2+ 68. Ke1 Kd5 69. Ra7 Ke5 70. Kf1 Rg3 71. Kf2
Rg4 72. Kf3 Rg1 73. Ra2 Kf6 74. Rg2 1-0

[Event "4NCL/Div4b/HAL vs. MONM"]
[Site "Telford ENG"]
[Date "2005.02.27"]
[Round "6.3"]
[White "Clark, Maureen"]
[Black "Waterfield, John"]
[Result "0-1"]
[WhiteElo "1720"]
[BlackElo "2045"]
[PlyCount "144"]
[EventDate "2005.02.27"]
[SourceDate "2004.09.21"]

1. e4 c5 2. c4 Nc6 3. Nf3 g6 4. Nc3 Bg7 5. Be2 e6 6. O-O Nge7 7. d3 O-O 8. Be3
Nd4 9. Rb1 d5 10. exd5 exd5 11. cxd5 Nxd5 12. Nxd5 Nxe2+ 13. Qxe2 Qxd5 14. h3
Bf5 15. Rbc1 Rfe8 16. Qd1 Bxb2 17. Rxc5 Qxd3 18. Qxd3 Bxd3 19. Rd1 Be4 20. Ng5
Bc6 21. h4 h5 22. Nh3 Bf6 23. g3 Red8 24. Rb1 Rd7 25. Bg5 Bxg5 26. Rxg5 Rd5 27.
Rxd5 Bxd5 28. a3 Rc8 29. Nf4 Bf3 30. Nh3 Rc3 31. Ra1 b5 32. Nf4 a5 33. Ng2 b4
34. axb4 axb4 35. Ne1 Be4 36. Ra2 b3 37. Re2 f5 38. Kf1 Rc1 39. Rd2 b2 40. Rxb2
Bd3+ 41. Re2 Ra1 42. f4 Kf7 43. Kf2 Bxe2 44. Kxe2 Ke6 45. Nf3 Ra3 46. Ng5+ Kd5
47. Kf2 Kd4 48. Nf3+ Ke4 49. Ne5 Ra2+ 50. Kg1 g5 51. hxg5 h4 52. gxh4 Kxf4 53.
Nd3+ Kg3 54. Ne1 Kxh4 55. g6 Ra7 56. Nf3+ Kh5 57. Ne5 Kh6 58. Kf2 Re7 59. Nd3
Kxg6 60. Kf3 Kg5 61. Nf4 Ra7 62. Ne6+ Kf6 63. Nd4 Ra3+ 64. Kf2 Ke5 65. Nc6+ Ke4
66. Nb4 f4 67. Nc6 Ra2+ 68. Kg1 Ke3 69. Ne5 Ke4 70. Ng6 Kf3 71. Ne5+ Kg3 72.
Kf1 f3 0-1

[Event "4NCL/Div4b/HAL vs. MONM"]
[Site "Telford ENG"]
[Date "2005.02.27"]
[Round "6.4"]
[White "Thomas, Jac"]
[Black "Hendrickson, Jason"]
[Result "1-0"]
[WhiteElo "1975"]
[BlackElo "1705"]
[PlyCount "53"]
[EventDate "2005.02.27"]
[SourceDate "2004.09.21"]

1. e4 c5 2. d4 cxd4 3. c3 Nf6 4. e5 Nd5 5. Bc4 Qc7 6. Qe2 Nb6 7. Bb3 e6 8. Nf3
d6 9. O-O dxc3 10. Nxc3 a6 11. Bf4 Nc6 12. Rac1 d5 13. Bc2 Bd7 14. Bb1 Nc4 15.
b3 Na3 16. Bd3 b5 17. Ng5 g6 18. Bg3 Bh6 19. Nxd5 exd5 20. e6 Qb7 21. exd7+
Kxd7 22. Qg4+ Kd8 23. Nxf7+ Qxf7 24. Rxc6 Bf8 25. Bh4+ Be7 26. Rd6+ Kc7 27.
Qd7+ 1-0

[Event "4NCL/Div4b/HAL vs. MONM"]
[Site "Telford ENG"]
[Date "2005.02.27"]
[Round "6.5"]
[White "Borley, Martin"]
[Black "Thomas, Kevin"]
[Result "0-1"]
[WhiteElo "1660"]
[BlackElo "1960"]
[PlyCount "52"]
[EventDate "2005.02.27"]
[SourceDate "2004.09.21"]

1. e4 e5 2. Nf3 Nc6 3. Bc4 Bc5 4. Nc3 d6 5. Na4 Bb6 6. Nxb6 axb6 7. c3 Nf6 8.
Bd3 Be6 9. b3 O-O 10. h3 Nh5 11. Bc2 Nf4 12. Kf1 f5 13. d3 fxe4 14. dxe4 Qe8
15. Bxf4 Rxf4 16. g3 Rf6 17. Kg2 Ne7 18. Ng5 Bd7 19. Bd3 Qg6 20. Nf3 Raf8 21.
g4 Rxf3 22. Qxf3 Rxf3 23. Kxf3 Qf6+ 24. Ke2 Ng6 25. Kf1 Nf4 26. Bc2 Qh4 0-1

[Event "4NCL/Div4b/HAL vs. MONM"]
[Site "Telford ENG"]
[Date "2005.02.27"]
[Round "6.6"]
[White "Roberts, Dave"]
[Black "Evans, Joyce"]
[Result "1-0"]
[WhiteElo "1863"]
[BlackElo "1435"]
[PlyCount "45"]
[EventDate "2005.02.27"]
[SourceDate "2004.09.21"]

1. d4 Nf6 2. c4 d6 3. Nc3 Bf5 4. f3 g6 5. e4 Bc8 6. Bd3 Bg7 7. Nge2 Nc6 8. Be3
e6 9. Qd2 h6 10. g4 Nh7 11. h4 b6 12. O-O-O Bb7 13. Bxh6 Bf6 14. g5 Bxd4 15.
Nxd4 Nxd4 16. Qe3 e5 17. f4 Qe7 18. Nd5 Bxd5 19. cxd5 O-O-O 20. Ba6+ Kb8 21.
Qc3 Rc8 22. Rxd4 exd4 23. Qc6 1-0